000 00286nam a2200109Ia 4500
008 160531s9999 xx 000 0 und d
100 _aTal, Haim.
245 _aBone Regeneration
245 _cby Haim Tal
260 _c2012
856 _uhttp://www.intechopen.com/books/bone-regeneration
999 _c295476
_d295476